| Поле | Инд. | ПП | Название | Значение |
|---|---|---|---|---|
| Тип записи | a | |||
| Библиографический уровень | b | |||
| 001 | Контрольный номер | DU/538494047 | ||
| 005 | Дата корректировки | 20220905145149.9 | ||
| 008 | Кодируемые данные | 20130111 | ||
| 040 | b | Код языка каталог. | rus | |
| e | Правила каталог. | PSBO | ||
| 041 | 0_ | a | Код языка текста | rus |
| 084 | a | Индекс другой классификации/Индекс ББК | 63.3(2)612-2-3; 65.03(2)6 | |
| 100 | 1_ | a | Автор | Воейков Е. В. |
| q | Полное имя | Воейков Евгений Владимирович | ||
| 245 | 10 | a | Заглавие | Женский труд в лесной промышленности Среднего Поволжья в 1930-е гг. |
| 504 | a | Библиография | Лит. в примеч. в конце статьи | |
| 520 | a | Аннотация | "Рассматривается участие женщин в массовых лесозаготовках региона Средней Волги в годы довоенной индустриализации." | |
| 650 | a | Основная рубрика | внутренняя политика | |
| a | Основная рубрика | история | ||
| a | Основная рубрика | экономика | ||
| a | Основная рубрика | экономическая история (история хозяйства) | ||
| 653 | 1_ | a | Ключевые слова | XX век |
| a | Ключевые слова | гендерная история | ||
| a | Ключевые слова | женский труд | ||
| a | Ключевые слова | заготовительные кампании | ||
| a | Ключевые слова | заготовка леса | ||
| a | Ключевые слова | индустриализация | ||
| a | Ключевые слова | история промышленности | ||
| a | Ключевые слова | лесная промышленность | ||
| a | Ключевые слова | лесозаготовки | ||
| a | Ключевые слова | Мордовия | ||
| a | Ключевые слова | Пензенская область | ||
| a | Ключевые слова | Поволжье | ||
| a | Ключевые слова | посадка деревьев | ||
| a | Ключевые слова | пятилетки | ||
| a | Ключевые слова | регионы России | ||
| a | Ключевые слова | Россия | ||
| a | Ключевые слова | Самарская область | ||
| a | Ключевые слова | советская власть | ||
| a | Ключевые слова | советский период | ||
| a | Ключевые слова | Среднее Поволжье | ||
| a | Ключевые слова | СССР | ||
| a | Ключевые слова | Татарстан | ||
| a | Ключевые слова | трудовая повинность | ||
| a | Ключевые слова | Ульяновская область | ||
| 773 | 0_ | t | Заглавие источника | Вопросы истории |
| d | Дата издания источника | 2015 | ||
| g | Прочая информация | № 11. - С. 133 - 138 | ||
| w | Контрольный № источника | RU/IS/BASE/501003691 | ||
| 901 | t | Тип документа | b |